| 000 | 00784pam a2200253 a 4500 | ||
|---|---|---|---|
| 001 | 3823726 | ||
| 003 | GBCCL | ||
| 005 | 20241126110340.0 | ||
| 008 | 860505s1986 ilua b 000 0 eng | ||
| 010 | _a 86012890 | ||
| 020 | _a087178226X (pbk.) | ||
| 040 |
_aDLC _cDLC _dDLC |
||
| 050 | 0 | 0 |
_aBV4526.2 _b.W45 1986 |
| 082 | 0 | 0 |
_a241.4 _219 _bWEL |
| 100 | 1 | _aWelliver, Dotsey. | |
| 245 | 1 | 0 |
_aLaughing together : _bthe value of humor in family life / _cDotsey Welliver. |
| 260 |
_aElgin, Ill. : _bBrethren Press, _cc1986. |
||
| 300 |
_axii, 110 p. : _bill. ; _c21 cm. |
||
| 504 | _aBibliography: p. 107-110. | ||
| 650 | 0 |
_aFamilies _xReligious life. |
|
| 650 | 0 |
_aLaughter _xReligious aspects _xChristianity. |
|
| 906 |
_a7 _bcbc _corignew _d1 _eocip _f19 _gy-gencatlg |
||
| 942 |
_2ddc _cBK _01 |
||
| 999 |
_c539 _d539 |
||